<?xml version="1.0" encoding="UTF-8"?><?xml-stylesheet type="text/xsl" href="static/style.xsl"?><OAI-PMH xmlns="http://www.openarchives.org/OAI/2.0/" xmlns:xsi="http://www.w3.org/2001/XMLSchema-instance" xsi:schemaLocation="http://www.openarchives.org/OAI/2.0/ http://www.openarchives.org/OAI/2.0/OAI-PMH.xsd"><responseDate>2026-04-29T05:26:08Z</responseDate><request verb="GetRecord" identifier="oai:riubu.ubu.es:10259/5198" metadataPrefix="marc">https://riubu.ubu.es/oai/request</request><GetRecord><record><header><identifier>oai:riubu.ubu.es:10259/5198</identifier><datestamp>2022-01-31T23:42:06Z</datestamp><setSpec>com_10259_4292</setSpec><setSpec>com_10259_5086</setSpec><setSpec>com_10259_2604</setSpec><setSpec>com_10259_4313</setSpec><setSpec>col_10259_4293</setSpec><setSpec>col_10259_4314</setSpec></header><metadata><record xmlns="http://www.loc.gov/MARC21/slim" xmlns:doc="http://www.lyncode.com/xoai" xmlns:xsi="http://www.w3.org/2001/XMLSchema-instance" xmlns:dcterms="http://purl.org/dc/terms/" xsi:schemaLocation="http://www.loc.gov/MARC21/slim http://www.loc.gov/standards/marcxml/schema/MARC21slim.xsd">
<leader>00925njm 22002777a 4500</leader>
<datafield tag="042" ind1=" " ind2=" ">
<subfield code="a">dc</subfield>
</datafield>
<datafield tag="720" ind1=" " ind2=" ">
<subfield code="a">González Ceballos, Lara</subfield>
<subfield code="e">author</subfield>
</datafield>
<datafield tag="720" ind1=" " ind2=" ">
<subfield code="a">Melero Gil, Beatriz</subfield>
<subfield code="e">author</subfield>
</datafield>
<datafield tag="720" ind1=" " ind2=" ">
<subfield code="a">Trigo López, Miriam</subfield>
<subfield code="e">author</subfield>
</datafield>
<datafield tag="720" ind1=" " ind2=" ">
<subfield code="a">Vallejos Calzada, Saúl</subfield>
<subfield code="e">author</subfield>
</datafield>
<datafield tag="720" ind1=" " ind2=" ">
<subfield code="a">Muñoz Santamaría, María Asunción</subfield>
<subfield code="e">author</subfield>
</datafield>
<datafield tag="720" ind1=" " ind2=" ">
<subfield code="a">García García, Félix Clemente</subfield>
<subfield code="e">author</subfield>
</datafield>
<datafield tag="720" ind1=" " ind2=" ">
<subfield code="a">Fernández Muiño, Miguel Ángel</subfield>
<subfield code="e">author</subfield>
</datafield>
<datafield tag="720" ind1=" " ind2=" ">
<subfield code="a">Sancho Ortiz, María Teresa</subfield>
<subfield code="e">author</subfield>
</datafield>
<datafield tag="720" ind1=" " ind2=" ">
<subfield code="a">García Pérez, José Miguel</subfield>
<subfield code="e">author</subfield>
</datafield>
<datafield tag="260" ind1=" " ind2=" ">
<subfield code="c">2020</subfield>
</datafield>
<datafield tag="520" ind1=" " ind2=" ">
<subfield code="a">We have prepared high-performance functional aromatic polyamides with sensory pendant groups toward amines. These polymers are colourless. The pendant groups have bromonaphthalimide motifs that react with amines rendering coloured arylamines by nucleophilic aromatic substitution of the halide. Thus, these materials are colorimetric sensors toward amines. In the interest of saving costs, while having a sensory material with a high specific surface, cotton fabrics were coated, in order to render coated fibres as smart colorimetric labels toward amines. Moreover, as fish spoilage by microorganism increases the biogenic amines in food, we have applied the smart labels to visually follow the food spoilage. Also, a picture taken to the films allowed to obtain, in seconds, the digital colour definition parameters (RGB) that were correlated with the results of expensive and time-consuming conventional techniques used to obtain relevant food quality data, such as total amine concentration (treatment of the sample and HPLC), colony-forming unit (microbiological assays), total volatile basic nitrogen (TVB-N), and organoleptic test (sensory test). The smart labels are inexpensive, granting in seconds the visual qualitative evaluation of the food quality, or even quantitative, and they comply with the European food contact materials regulation.</subfield>
</datafield>
<datafield tag="024" ind2=" " ind1="8">
<subfield code="a">0925-4005</subfield>
</datafield>
<datafield tag="024" ind2=" " ind1="8">
<subfield code="a">http://hdl.handle.net/10259/5198</subfield>
</datafield>
<datafield tag="024" ind2=" " ind1="8">
<subfield code="a">10.1016/j.snb.2019.127249</subfield>
</datafield>
<datafield ind1=" " ind2=" " tag="653">
<subfield code="a">Amine sensors</subfield>
</datafield>
<datafield ind1=" " ind2=" " tag="653">
<subfield code="a">Biogenic amines</subfield>
</datafield>
<datafield ind1=" " ind2=" " tag="653">
<subfield code="a">Polymer chemosensors</subfield>
</datafield>
<datafield ind1=" " ind2=" " tag="653">
<subfield code="a">Smart labels</subfield>
</datafield>
<datafield ind1=" " ind2=" " tag="653">
<subfield code="a">Fish spoilage</subfield>
</datafield>
<datafield tag="245" ind1="0" ind2="0">
<subfield code="a">Functional aromatic polyamides for the preparation of coated fibres as smart labels for the visual detection of biogenic amine vapours and fish spoilage</subfield>
</datafield>
</record></metadata></record></GetRecord></OAI-PMH>